Raw natural rubber- Determination of plasticity retention index (Record no. 73632)

MARC details
000 -LEADER
fixed length control field 00397nam a2200121Ia 4500
245 #0 - TITLE STATEMENT
Title Raw natural rubber- Determination of plasticity retention index
260 ## - PUBLICATION, DISTRIBUTION, ETC. (IMPRINT)
Place of publication Switzerland
260 ## - PUBLICATION, DISTRIBUTION, ETC. (IMPRINT)
Year of publication 1975
Name of publisher International Standards Organisation
500 ## - GENERAL NOTE
General note Standard number: IS 2930
650 ## - SUBJECT ADDED ENTRY--TOPICAL TERM
Topical Term Raw natural rubber-plasticity retention index
942 ## - ADDED ENTRY ELEMENTS (KOHA)
Koha item type Standards
Holdings
Withdrawn status Lost status Damaged status Not for loan Home library Current library Date acquired Koha item type
      Standards RRII Library RRII Library 31/12/2021 Standards